000 00212nam a22000977a 4500
999 _c15797
_d15797
003 OSt
008 191021b ||||| |||| 00| 0 eng d
100 _aSurendran, K.
_94311
245 _aTolstoy kathakal
942 _cBK